Представление документа в формате RUSMARC

ПолеНазваниеЗначение
  Тип записи a
  Библиографический уровень m
001 Контрольный номер RU/SLIB/B/208753384
005 Дата корректировки 20241018112447.4
010 Индекс ISBN __
d Цена 1-50
101 Язык документа 0_
a Язык текста rus
200 Заглавие и сведения об ответственности 1_
a Заглавие Довженко в воспоминаниях современников
f Первые сведения об ответственности сост.: Л. И. Пажитнова, Ю. И. Солнцева
b Общее обозначение материала Текст
210 Выходные данные 1_
a Место издания М.
c Издательство Искусство
d Дата издания 1982
215 Физическое описание __
a Объем 278 с.
c Иллюстрации/тип воспроизводства ил.
600 Персоналии _1
a Персоналии (Фамилия) Довженко, А. П.
606 Тематические рубрики __
a Основная рубрика Музыка и зрелищные искусства
606 Тематические рубрики __
a Основная рубрика История киноискусства
610 Ключевые слова 0_
a Ключевые слова кинорежиссеры; драматурги; творчество; биографии; воспоминания; советское кино; советское киноискусство; художественные фильмы
686 Индексы других классификаций __
a Классификационный индекс 85.373(2)-8; ст85.373(2)
702 Вторичная интеллектуальная ответственность _1
a Фамилия Пажитнова
b Имя Л. И.
4 Код отношения Составитель
702 Вторичная интеллектуальная ответственность _1
a Фамилия Солнцева
b Имя Ю. И.
4 Код отношения Составитель
801 Источник записи _0
a Страна RU
b Организация Муниципальное бюджетное учреждение культуры "Централизованная библиотечная система" г. Сургут (Центральная городская библиотека им. А. С. Пушкина)
g Правила каталогизации КиК/Михайлова
801 Источник записи _1
a Страна RU
b Организация Муниципальное бюджетное учреждение культуры "Централизованная библиотечная система" г. Сургут (Центральная городская библиотека им. А. С. Пушкина)
g Правила каталогизации КиК/Михайлова
852 Данные о местонахождении __
j Шифр хранения 85.373(2)-8
c Каталожный индекс 85.373(2)-8
i Авторский знак Д 58
p Инвентарный номер 11973
901 Тип документа __
t Тип документа m
990 Данные о заказе (DOS) __
j Количество экземпляров (DOS) 2
t N записи в КСУ для И/У (DOS) 199101